Virreyes del Río de la Plata - Estadísticas

Estadísticas generales
  • Esta prueba ha sido intentada 15 veces
  • La puntuación promedio es 6 de 12
Estadísticas de respuestas
Período Virrey % Correcto
30 de junio de 1809 - 25 de mayo de 1810 Baltasar Hidalgo de Cisneros
100%
29 de junio de 1807 - 30 de junio de 1809 Santiago de Liniers
100%
25 de enero de 1805 - 19 de febrero de 1807 Rafael de Sobremonte
83%
20 de mayo de 1801 - 11 de abril de 1804 Joaquín del Pino
50%
4 de diciembre de 1789 - 16 de marzo de 1795 Nicolas de Arredondo
50%
15 de octubre de 1777 - 12 de junio de 1778 Pedro de Cevallos
50%
14 de mayo de 1799 - 20 de mayo de 1801 Gabriel Miguel de Avilés
33%
12 de junio de 1778 - 7 de marzo de 1784 Juan José Vertiz
33%
2 de mayo de 1797 - 14 de mayo de 1799 Antonio Fileú
17%
12 de enero - 18 de noviembre de 1811 Francisco Javier de Elío
17%
7 de marzo de 1784 - 4 de diciembre de 1789 Nicolas del Campo
17%
16 de marzo de 1795 - 15 de abril de 1797 Pedro Melo de Portugal
17%
No se encontraron pruebas coincidentes
Distribución de puntuación
Porcentaje de gente con cada puntuación
Porcentaje por número respondido
Historial de tus puntuaciones
No has intentado esta prueba.